Les Présentateurs du Burger Quiz - Statistiques

Statistiques générales
  • Ce quiz a été pris 35 fois
  • Le résultat moyen est 6 sur 17
Statistiques - réponses
Saisons Présentateur % Correct
Toutes les saisons Alain Chabat
100%
Saison 3 Marina Foïs
65%
Saison 3 Gérard Darmon
59%
Saison 3 Jean-Paul Rouve
59%
Saison 3 Jérôme Commandeur
47%
Saisons 1 et 3 Anne Depétrini
41%
Saison 1 Gad Elmaleh
38%
Saison 1 Laurent Baffie
35%
Saison 3 Manu Payet
35%
Saison 3 Maurice Barthélemy
29%
Saison 1 Dominique Farugia
26%
Saison 1 Kad et Olivier
26%
Saison 3 Alexandre Astier
12%
Saison 3 Alison Wheeler
12%
Saison 3 Mathieu Madénian
12%
Saison 3 Hélena Noguerra
9%
Saison 1 Alexandre Devoise
6%
Aucun quiz correspondant
Distribution des résultats
% des personnes avec chaque résultat
Percentile par nombre de réponses
Votre historique - résultats
Vous n’avez pas pris ce quiz